000
00275nam a22001217a 4500
082
_a
823
_b
DOD/S
100
_a
DODD, E F
245
_a
THE SNAKE CHAMBER AND OTHER STORIES
260
_a
MADRAS
_b
MACMILLAN
_c
1953
300
_a
64
650
_a
ENGLISH STORIES
_z
INDIA
942
_c
BK
999
_c
7369
_d
7369